000 01378cam a22003617a 4500
003 CHAP
005 20220329135437.0
008 971013s1957 r 00010 d
010 _a36580
011 _a37552
035 _a41672
040 _cCHAP
082 _a584.909721
_bG45Y
100 0 0 _aGentry, Howard Scott.
_947520
245 1 4 _aLos pastizales de Durango; estudio ecológico, fisiográfico y florístico
260 _aMéxico. D.F. :
_bInstituto Mexicano de Recursos Naturales Renovables,
_c1957
300 _a361 p.
_b: ilus.
590 _aBATCH-UPD
_b10
_c20130110
_lUCH01
_h1509
590 _aBATCH-UPD
_b10
_c20130410
_lUCH01
_h0927
590 _aBATCH-UPD
_b10
_c20130914
_lUCH01
_h0731
590 _aCONVERSION
_b10
_c20130109
_lUCH01
_h1320
650 1 4 _aBotánica
_xDurango.
_914532
650 1 4 _aBotánica
_xDurango.
_914532
650 1 4 _aPastizales
_xDurango.
_985932
650 1 4 _aPastizales
_xMéxico.
_985950
901 _aBK
942 _cLIBRO
949 _a584.909721 G45Y
_bBC
_cLIBRO
_d-150850
_eLIBRO
_fc.39
_h33602
_i41672
_si
949 _a584.909721 G45Y
_bBC
_cLIBRO
_d-150851
_eLIBRO
_fc.41
_i41672
_si
949 _a584.909721 G45Y
_bBC
_cLIBRO
_d33724000360970
_eLIBRO
_h33602
_i41672
_si
949 _a584.909721 G45Y
_bBC
_cLIBRO
_d33724000360988
_eLIBRO
_fc.14
_h5020
_i41672
_si
949 _a584.909721 G45Y
_bBC
_cLIBRO
_d33724000360996
_eLIBRO
_fc.16
_h5013
_i41672
_si
999 _c36580
_d36580